|
|
|
|
| LEADER |
00000nab a2200000ua 4500 |
| 001 |
vtls010831698 |
| 003 |
SK-MaSNL |
| 005 |
20260225204242.0 |
| 008 |
230222s1955 xo |||||||||||||||||slo| |
| 035 |
|
|
|a (urnnbn)urn:nbn:sk:snk:ar-a06k0i
|
| 035 |
|
|
|a urn:nbn:sk:snk-ab5wiw
|
| 035 |
|
|
|a (uuid)5ae51cd2-71fa-4191-84ac-e230c4c6864f
|
| 040 |
|
|
|a SNKBUCL
|b slo
|c SNKBUCL
|e AACR2
|
| 041 |
0 |
|
|a slo
|
| 044 |
|
|
|a xo
|c SK
|
| 245 |
0 |
0 |
|a Z NÁZVOSLOVIA VTÁKOV
|
| 773 |
0 |
|
|t Slovenské odborné názvoslovie
|g Roč. 3, č. 7 (1955), s. 200-206
|
| 954 |
|
|
|a odborná, vedecká literatúra pôvodná (slovenská)
|2 lita
|
| 958 |
|
|
|a OND
|
| 958 |
|
|
|a EUIPO
|
| 958 |
|
|
|a article5
|
| 999 |
|
|
|c 1996739
|d 1998669
|